Politika zaměstnanosti USA v kontextu rozvoje sociálního státu v době New Frontier a Great Society

Premeny politiky zamestnanosti na pozadí jednej z etáp rozvoja socialného štátu v USA. Povaha federálnej politiky na trhu práce v období Veľkej hospodárskej krízy, kde se kládol dôraz najmä na priame vytváranie pracovných miest a pasívnu politiku zamestnanosti. Analýza aktívnej politiky zamestnanost...

Ausführliche Beschreibung

Gespeichert in:
Bibliographische Detailangaben
1. Verfasser: Johnson, Zdenka
Format: Buchkapitel
Sprache:Tschechisch
Schlagworte:
Tags: Tag hinzufügen
Keine Tags, Fügen Sie das erste Tag hinzu!

MARC

LEADER 00000naa a2200000 4500
001 0134351
005 20231204073351.6
041 0 |a cze 
044 |a CZ 
245 1 0 |a Politika zaměstnanosti USA v kontextu rozvoje sociálního státu v době New Frontier a Great Society  |c Zdenka Johnson 
520 |a Premeny politiky zamestnanosti na pozadí jednej z etáp rozvoja socialného štátu v USA. Povaha federálnej politiky na trhu práce v období Veľkej hospodárskej krízy, kde se kládol dôraz najmä na priame vytváranie pracovných miest a pasívnu politiku zamestnanosti. Analýza aktívnej politiky zamestnanosti za vlády prezidenta Kennedyho a Johnsona, ktorá spočívala najmä v rozšírení dostupnosti vzdelávania a rekvalifikáciách pre nezamestnaných, mladých ľudí, chudobných a príslušníkov minorít. 
610 2 0 |a USA 
610 2 0 |a trh práce 
610 2 0 |a štát sociálny 
610 2 0 |a kríza hospodárska 
610 2 0 |a miesta pracovné 
610 2 0 |a politika zamestnanosti 
100 1 |a Johnson, Zdenka